000 00354 a2200157 4500
001 71231
020 _a8575812394
040 _cAnchieta - Colégio São Paulo
100 _aMitchell, Bob
240 1 0 _aO grande jogo
_lpor
245 1 0 _aO grande jogo
300 _a207
362 0 _a2006
650 4 _aFicção norte-americana em inglês
942 _cBK
999 _c71231
_d71231